00455nam a2200157Ia 4500008004100000020001400041082001400055100002300069245003700092250000800129260004600137300002400183500001900207600002100226650005000247240925s9999 xx 000 0 und d a130863882 a004.6 STA aStallings, William 0aData and Computer Communications a6th aNew Delhi:bPearson Printice Hallc,2000. a911p.bNAfOriginal aIncludes Index aComputer Science aComputer science, information & general works